| Tag |
First Indicator |
Second Indicator |
Subfields |
| LEADER |
00000nam a2200000Ia 4500 |
| 001 |
in00004327021 |
| 005 |
20200812085653.0 |
| 006 |
m g d |
| 007 |
cr bn |||a|bb| |
| 008 |
000319s1655 enk o 000 0 eng d |
| 035 |
|
|
|a (OCoLC)43663263
|
| 040 |
|
|
|a EAE
|c EAE
|e dcrb
|
| 037 |
|
|
|a CL0037000110
|b ProQuest Information and Learning. 300 N. Zeeb Rd., Ann Arbor, MI 48106
|
| 043 |
|
|
|a e-uk---
|
| 045 |
2 |
|
|b d1649
|b d1660
|
| 090 |
|
|
|a DA422
|b 1655
|
| 049 |
|
|
|a UMIA
|
| 110 |
1 |
|
|a England and Wales.
|b Lord Protector (1653-1658 : O. Cromwell)
|
| 245 |
1 |
0 |
|a By the Lord Protector. :
|b A proclamation declaring His Highness pleasure and command for putting in execution the laws, statutes and ordinances made against Jesuits and priests, and for the speedy conviction of popish recusants.
|
| 246 |
3 |
0 |
|a Proclamation declaring His Highness pleasure and command for putting in execution the laws, statutes and ordinances made against Jesuits and priests, and for the speedy conviction of popish recusants
|
| 260 |
|
|
|a London, :
|b Printed by Henry Hills and John Field, Printers to His Highness.
|c MDCLV [1655]
|
| 300 |
|
|
|a 1 online resource (2 leaves.
|
| 336 |
|
|
|a text
|b txt
|2 rdacontent
|
| 337 |
|
|
|a computer
|b c
|2 rdamedia
|
| 338 |
|
|
|a online resource
|b cr
|2 rdacarrier
|
| 500 |
|
|
|a "Given at White-hall the 26th of April, 1655. Published by His Highness special Command."
|
| 500 |
|
|
|a Reproduction of original in: Bodleian Library.
|
| 510 |
4 |
|
|a Wing (2nd edition)
|c C7144
|
| 533 |
|
|
|a Electronic reproduction.
|b Ann Arbor, Mich. :
|c UMI,
|d 1999-
|f (Early English books online)
|n Digital version of: (Early English books, 1641-1700 ; 2607:14)
|7 s1999 miun s
|
| 651 |
|
0 |
|a Great Britain
|x History
|y Commonwealth and Protectorate, 1649-1660.
|
| 650 |
|
0 |
|a Anti-Catholicism
|z England
|v Early works to 1800.
|
| 655 |
|
7 |
|a Broadsides
|z London (England)
|y 17th century.
|2 rbgenr
|
| 830 |
|
0 |
|a Early English books online.
|
| 856 |
4 |
0 |
|u http://proxy.library.tamu.edu/login?url=https://search.proquest.com/docview/2240915693
|z Connect to the full text of this electronic book
|t 0
|
| 999 |
f |
f |
|s 96ca4fdf-a23e-3d96-9f8c-8e6916907a42
|i 5926e12f-594e-3fa1-a934-30cce328dd49
|t 0
|
| 952 |
f |
f |
|a Texas A&M University
|b College Station
|c Electronic Resources
|d Available Online
|t 0
|e DA422 1655
|h Library of Congress classification
|
| 998 |
f |
f |
|a DA422 1655
|t 0
|l Available Online
|